000 00440nam a22001817a 4500
003 MPLRDC
005 20220104114233.0
008 210129b ||||| |||| 00| 0 eng d
082 _a830.8 ASR v.17
100 _a爱书人杂志编
245 _a黄河之旅
_c
250 _a初版
260 _a
_b号角出版社
_c1982
300 _b
490 _a爱书人丛书. 17
650 _a中国文学总集
942 _cBK
_o830.8 ASR v.17
999 _c5910
_d5900